[Event "GER-ch op (Women) 20th"]
[Site "Erlangen"]
[Date "2020.10.03"]
[Round "5"]
[White "Krause, Laura Kristin"]
[Black "Peglau, Adelheid"]
[Result "0-1"]
[WhiteElo "1049"]
[BlackElo "1246"]
[PlyCount "56"]
[EventDate "2020.10.01"]
[EventType "swiss"]
[EventRounds "7"]
[EventCountry "GER"]
[SourceTitle "EXT 2022"]
[Source "ChessBase"]
[SourceDate "2021.10.06"]
[SourceVersion "1"]
[SourceVersionDate "2021.10.06"]
[SourceQuality "1"]

1. e4 c6 2. Nc3 d5 3. Nf3 Bg4 4. d4 e6 5. h3 Bh5 6. Bf4 c5 7. g4 Bg6 8. Bb5+ Nc6 9. Ne5 Rc8 10. Nxc6 bxc6 11. Ba6 Rb8 12. Bxb8 Qxb8 13. Na4 Qb4+ 14. c3 Qa5 15. Bf1 Bxe4 16. Rg1 Nf6 17. Nxc5 Bxc5 18. dxc5 Qxc5 19. Bd3 0-0 20. Bxe4 Nxe4 21. Qf3 Rb8 22. 0-0-0 Qc4 23. Qf4 Qb5 24. b3 Nxc3 25. Rd2 a5 26. Re1 a4 27. Rb2 Nxa2+ 28. Rxa2 Qxb3 0-1

[Event "GER-ch op (Women) 20th"]
[Site "Erlangen"]
[Date "2020.10.03"]
[Round "4"]
[White "Metzner, Anita"]
[Black "Krause, Laura Kristin"]
[Result "0-1"]
[WhiteElo "1517"]
[BlackElo "1049"]
[PlyCount "48"]
[EventDate "2020.10.01"]
[EventType "swiss"]
[EventRounds "7"]
[EventCountry "GER"]
[SourceTitle "EXT 2022"]
[Source "ChessBase"]
[SourceDate "2021.10.06"]
[SourceVersion "1"]
[SourceVersionDate "2021.10.06"]
[SourceQuality "1"]

1. d4 d5 2. c4 Nf6 3. Nc3 Bf5 4. Nf3 Nc6 5. e3 e6 6. Bd3 Bg6 7. 0-0 Bd6 8. Bxg6 hxg6 9. cxd5 exd5 10. h3 Qd7 11. Re1 0-0-0 12. Kf1 Bb4 13. a3 Bxc3 14. bxc3 Ne4 15. Qc2 g5 16. c4 Rde8 17. cxd5 Qxd5 18. Nd2 Qb5+ 19. Re2 Nxd4 20. exd4 Ng3+ 21. fxg3 Qxe2+ 22. Kg1 Qe3+ 23. Kh2 Rxh3+ 24. gxh3 Qf2+ 0-1

[Event "GER-ch op (Women) 20th"]
[Site "Erlangen"]
[Date "2020.10.02"]
[Round "3"]
[White "Petersen, Sophie"]
[Black "Krause, Laura Kristin"]
[Result "1-0"]
[WhiteElo "1524"]
[BlackElo "1049"]
[PlyCount "51"]
[EventDate "2020.10.01"]
[EventType "swiss"]
[EventRounds "7"]
[EventCountry "GER"]
[SourceTitle "EXT 2022"]
[Source "ChessBase"]
[SourceDate "2021.10.06"]
[SourceVersion "1"]
[SourceVersionDate "2021.10.06"]
[SourceQuality "1"]

1. e4 e5 2. Nf3 Nc6 3. Bb5 a6 4. Ba4 Qf6 5. d3 h6 6. Nc3 Bb4 7. Bd2 Bxc3 8. Bxc3 d6 9. Qe2 b5 10. Bb3 Be6 11. Bxe6 Qxe6 12. d4 Qe7 13. d5 Nd8 14. 0-0 Nf6 15. a4 Rb8 16. axb5 axb5 17. Ra7 0-0 18. Rfa1 Rb7 19. Rxb7 Nxb7 20. Qxb5 Nc5 21. Qc6 Nfxe4 22. Be1 Rc8 23. b4 Nd7 24. Ra7 Ndf6 25. c4 Nh5 26. c5 1-0

[Event "GER-ch op (Women) 20th"]
[Site "Erlangen"]
[Date "2020.10.01"]
[Round "1"]
[White "Krause, Laura Kristin"]
[Black "Peglau, Dora"]
[Result "0-1"]
[WhiteElo "1049"]
[BlackElo "1683"]
[PlyCount "58"]
[EventDate "2020.10.01"]
[EventType "swiss"]
[EventRounds "7"]
[EventCountry "GER"]
[SourceTitle "EXT 2022"]
[Source "ChessBase"]
[SourceDate "2021.10.06"]
[SourceVersion "1"]
[SourceVersionDate "2021.10.06"]
[SourceQuality "1"]

1. e4 c6 2. Nf3 d5 3. Nc3 dxe4 4. Nxe4 Nf6 5. Nc3 Bg4 6. h3 Bh5 7. Be2 e6 8. d4 Bd6 9. g4 Bg6 10. Bg5 Nbd7 11. Bd3 Qc7 12. Qd2 Bxd3 13. Qxd3 h6 14. Bh4 g5 15. Bg3 Bxg3 16. fxg3 Qxg3+ 17. Ke2 Qg2+ 18. Ke3 Nb6 19. Rag1 Nbd5+ 20. Nxd5 Nxd5+ 21. Ke4 Qf2 22. Rh2 f5+ 23. gxf5 exf5+ 24. Ke5 Qe3+ 25. Qxe3 Nxe3 26. Re2 Kd7 27. Rc1 Rhf8 28. d5 c5 29. Nd4 Nc4# 0-1